000 00823nam a2200205 i 4500
001 20442
003 ES-MaACL
005 20250809231900.0
007 t|
008 021112s1886 sp ||||1| spa d
100 1 _aGonzález Garbín, Antonio.
_9127411
245 1 0 _aDiscurso leido en el acto solemne de la apertura del curso de 1886 /
_cpor el presidente de dicha sociedad Antonio González Garbín y memoria leída por el secretario de la misma José Aguilera López.
260 _aGranada :
_b[s.n.],
_c1886 (
_fImp. de Indalecio Ventura)
300 _a17 p. ;
_c15 cm.
594 _aPrecede al tít.: El Fomento de las Artes.
700 1 _aAguilera y López, José,
_d1819-1901
_918785
710 2 _aSociedad Matritense El Fomento de las Artes.
_9139234
852 _aES-MaACL
_jT-467-F-6
999 _c20442
_d20442